عرض عادي
عرض مارك
- Laser spectroscopy.
مدخل مصطلح موضوعي
001 - رقم الضبط
- حقل الضبط: 18623
003 - معرف رقم الضبط
- حقل الضبط: OSt
005 - تاريخ ووقت أخر عملية
- حقل الضبط: 20121226105328.0
008 - عناصر بيانات ثابتة الطول
- حقل تحكم ثابت الطول: 121226|||a|||||| | ||| d
040 ## - مصدر الفهرسة
- هيئة الفهرسة الأصلية: OSt
- وكالة الكتابة: OSt
150 ## - مدخل-- مصطلح تاريخي
- عنصر مدخل المصطلح الموضوعي او الاسم الجغرافي: Laser spectroscopy.
670 ## - بيانات المصدر موجوده
- الاستشهاد بالمصدر: Work cat.: (OSt)0: Letokhov, V. S. 18622, Laser control of atoms and molecules /, 2011.
